000 00524nam a2200217Ia 4500
003 OSt
005 20220928135738.0
006 a|||||r|||| 00| 0
007 ta
008 220927b |||||||| |||| 00| 0 eng d
024 _a4762
037 _cTextual
040 _aSDCL
_cSDCL
_beng
041 _2eng
_aeng
082 _aX:545.2'N8, M2
100 _aWolf Martin
_9353526
245 0 _aIndia's exports
260 _c1982
942 _hX:545.2'N8, M2
_cTEXL
_2CC
999 _c808395
_d808395